MARC details
| 000 -LEADER |
| fixed length control field |
01348cam a2200313 i 4500 |
| 001 - CONTROL NUMBER |
| control field |
18112002 |
| 005 - DATE AND TIME OF LATEST TRANSACTION |
| control field |
20250224105845.0 |
| 008 - FIXED-LENGTH DATA ELEMENTS--GENERAL INFORMATION |
| fixed length control field |
140411t20142014njua 001 0 eng |
| 010 ## - LIBRARY OF CONGRESS CONTROL NUMBER |
| LC control number |
2014007533 |
| 020 ## - INTERNATIONAL STANDARD BOOK NUMBER |
| International Standard Book Number |
9781118882313 (pbk.) |
| 040 ## - CATALOGING SOURCE |
| Original cataloging agency |
DLC |
| Language of cataloging |
eng |
| Transcribing agency |
DLC |
| Description conventions |
rda |
| Modifying agency |
KCST |
| 042 ## - AUTHENTICATION CODE |
| Authentication code |
pcc |
| 050 00 - LIBRARY OF CONGRESS CALL NUMBER |
| Classification number |
QA76.774.M55 |
| Item number |
Z345 2014 |
| 082 00 - DEWEY DECIMAL CLASSIFICATION NUMBER |
| Classification number |
005.4476 |
| Edition information |
23 |
| 100 1# - MAIN ENTRY--PERSONAL NAME |
| Personal name |
Zacker, Craig. |
| 9 (RLIN) |
5328 |
| 245 10 - TITLE STATEMENT |
| Title |
Installing and configuring Windows server 2012 R2 : |
| Remainder of title |
exam 70-410 / |
| Statement of responsibility, etc. |
Craig Zacker. |
| 260 #1 - PUBLICATION, DISTRIBUTION, ETC. |
| Place of publication, distribution, etc. |
Hoboken, NJ : |
| Name of publisher, distributor, etc. |
Wiley, |
| Date of publication, distribution, etc. |
[2014] |
| 264 #4 - PRODUCTION, PUBLICATION, DISTRIBUTION, MANUFACTURE, AND COPYRIGHT NOTICE |
| Date of production, publication, distribution, manufacture, or copyright notice |
©2014 |
| 300 ## - PHYSICAL DESCRIPTION |
| Extent |
xxiv, 480 pages : |
| Other physical details |
illustrations ; |
| Dimensions |
28 cm. |
| 490 0# - SERIES STATEMENT |
| Series statement |
Microsoft official academic course |
| 500 ## - GENERAL NOTE |
| General note |
Includes index. |
| 630 00 - SUBJECT ADDED ENTRY--UNIFORM TITLE |
| Uniform title |
Microsoft Windows server |
| General subdivision |
Examinations |
| Form subdivision |
Study guides. |
| 9 (RLIN) |
5329 |
| 650 #0 - SUBJECT ADDED ENTRY--TOPICAL TERM |
| Topical term or geographic name entry element |
Operating systems (Computers) |
| General subdivision |
Examinations |
| Form subdivision |
Study guides. |
| 9 (RLIN) |
5330 |
| 650 #0 - SUBJECT ADDED ENTRY--TOPICAL TERM |
| Topical term or geographic name entry element |
Software configuration management |
| General subdivision |
Examinations |
| Form subdivision |
Study guides. |
| 9 (RLIN) |
5331 |
| 650 #0 - SUBJECT ADDED ENTRY--TOPICAL TERM |
| Topical term or geographic name entry element |
Client/server computing |
| General subdivision |
Examinations |
| Form subdivision |
Study guides. |
| 9 (RLIN) |
5332 |
| 650 #0 - SUBJECT ADDED ENTRY--TOPICAL TERM |
| Topical term or geographic name entry element |
Electronic data processing personnel |
| General subdivision |
Certification. |
| 9 (RLIN) |
5333 |
| 650 #0 - SUBJECT ADDED ENTRY--TOPICAL TERM |
| Topical term or geographic name entry element |
Computer networks |
| General subdivision |
Management |
| -- |
Examinations |
| Form subdivision |
Study guides. |
| 9 (RLIN) |
5334 |
| 776 08 - ADDITIONAL PHYSICAL FORM ENTRY |
| Relationship information |
Online version: |
| Main entry heading |
Zacker, Craig. |
| Title |
Installing and configuring Windows server R2 2012 |
| Place, publisher, and date of publication |
Hoboken, NJ : John Wiley & Sons, Inc., [2014] |
| International Standard Book Number |
9781118882238 |
| Record control number |
(DLC) 2014015230 |